00779cas a2200205 a 450000500170000000800410001702200140005804000590007204100080013104400080013924500430014726000890019030000280027931000060030765000530031365000540036665000550042065000530047571000450052820171123121111.0960612c19969999enkqr p s 0 0eng d a1355-770X aNDDcNDDdHULdDLCdMYGdOCLdMYGdSYSdMYGdCO-BoIAVH0 aeng aenk00aEnvironment and development economics. aCambridge (Reino Unido) ;aNew York, (EE.UU.) :bCambridge University Press,c1996-. bilustraciones ;c24 cm. au26aEconomía ambientalvPublicaciones periódicas26aDesarrollo sosteniblevPublicaciones periódicas26aDesarrollo económicovPublicaciones periódicas26aPolítica ambientalvPublicaciones periódicas2 aBeijer Institute of Ecological Economics